000 00261nam a2200109Ia 4500
008 220216s9999 xx 000 0 und d
245 0 _aRubberised roads II (editorial)
260 _bPlanter
_c1972
300 _a114-115
650 _aRubberised road
942 _cJS
999 _c68272
_d68272